| 000 | 00351nam a2200145 a 4500 | ||
|---|---|---|---|
| 001 | 375 | ||
| 003 | CDMR | ||
| 005 | 20130116135154.0 | ||
| 008 | 130130s1985||||||||||||||||||||||||||||d | ||
| 040 |
_aCDMR _bcat _cCDMR |
||
| 110 | 2 |
_aSchool of Public Communication _9260 |
|
| 245 | 1 | 0 | _aBulletin 1984/85 |
| 260 |
_aBoston _c1985 _bBoston University |
||
| 942 | _cMON | ||
| 999 |
_c375 _d375 |
||